01598nam a22003857a 4500003000500000005001700005008004100022010001000063011001000073035001000083040000900093090001000102100004700112245023900159260004100398300002100439502009700460590003700557590004100594590004100635590004100676590004100717590004100758590004200799650002900841650003500870650004000905650004200945650002900987901000701016942001001023949003501033999001701068952012701085CHAP20220329134016.0971013s1976 r 00010 d a14015 a14987 a19061 cCHAP aTesis00aGonzález González, Juan Adolfo.948968 aEvaluación de la entresiembra de trébol ladino (Trifolium repens L.) en una pradera de bermuda cruza-1 (Cynodon dactylon) con fertilización de macro y micro-elementos para obtener forraje de invierno en Cadereyta Jiménes, N.L. a(Monterrey, N.L.) :bEl autor,c1976 a66 g.b: gráfs aTesis (Ing. Agrónomo Administrador) -- ITESM. Div. de Ciencias Agropecuarias y Marítimas aALEPHb10c20130110lUCH01h1234 aBATCH-UPDb10c20130110lUCH01h0132 aBATCH-UPDb10c20130110lUCH01h2045 aBATCH-UPDb10c20130409lUCH01h2128 aBATCH-UPDb10c20130410lUCH01h1359 aBATCH-UPDb10c20130914lUCH01h1425 aCONVERSIONb10c20130109lUCH01h130914aCynodon dactylon.93080014aForrajesxNuevo León.94258614aFósforoxEfecto en pastos.94224814aNitrógenoxEfecto en pastos.98145514aTrébol blanco.9115252 aBK cTESIS bBCcTESd-44248eTS1i19061si c14015d14015 00102local4051718TESISaBCbBCcPA_TESISd2012-12-17fTESISl0oTesisp-44248r2019-12-31 00:00:00w2019-12-31yTESIS